000 00956nam a2200265 i 4500
001 32013
003 ES-MaACL
005 20250603164548.0
007 t|
008 021202s2002 sp ||||1| spa d
020 _a84-259-1181-8
080 _a342.4(460)"1869"
080 _a94(460)"1868/74"
100 1 _aPeña González, José.
_990260
245 1 0 _aCultura política y Constitución de 1869
_b: las funciones de la Constitución /
_cJosé Peña González ; prólogo: José Sánchez-Arcilla Bernal.
260 _aMadrid :
_bCentro de Estudios Políticos y Constitucionales,
_c2002.
300 _aXIII, 278 p. ;
_c22 cm.
490 1 _aEstudios políticos
610 1 _aEspaña.
_tConstitución, 1869.
_93654
651 4 _aEspaña-
_xHistoria-
_y1868-1874, Sexenio revolucionario
_98260
700 0 _aSánchez-Arcilla, José,
_d1952-
_9102467
830 0 _aEstudios políticos
_9180572
852 _aES-MaACL
_jL-26118
999 _c32013
_d32013